| 000 | 00510nam a2200169 i 4500 | ||
|---|---|---|---|
| 001 | 61125 | ||
| 003 | ES-MaACL | ||
| 005 | 20230906164356.0 | ||
| 007 | t| | ||
| 008 | 031110s1966 sp ||||1| spa d | ||
| 100 | 1 |
_aEtcheverry, Auguste. _948278 |
|
| 245 | 1 | 3 |
_aEl conflicto actual de los humanismos / _cAuguste Etcheverry ; [traducción de Pere Darnell]. |
| 260 |
_aMadrid : _bPenÃnsula, _c[1966] |
||
| 300 |
_a344 p. ; _c20 cm. |
||
| 700 | 1 |
_aDarnell, Pedro. _942741 |
|
| 852 |
_aES-MaACL _jC-30781 _bR.60660 |
||
| 999 |
_c61125 _d61125 |
||